A Journey of Religious Pluralism: (Record no. 205110)

MARC details
000 -LEADER
fixed length control field 00630nam a22001937a 4500
005 - DATE AND TIME OF LATEST TRANSACTION
control field 20240925124322.0
010 ## - LCCN (DPL NO)
LC control number ENG-141336
020 ## - INTERNATIONAL STANDARD BOOK NUMBER
International Standard Book Number 9788180643552
Terms of availability 250.00
035 ## - SYSTEM CONTROL NUMBER
System control number EN-124868
037 ## - SOURCE OF ACQUISITION
Source of stock number/acquisition DBAD
082 ## - DEWEY DECIMAL CLASSIFICATION NUMBER
Classification number 291
Edition number 1
245 ## - TITLE STATEMENT
Title A Journey of Religious Pluralism:
Remainder of title Some reflections/
Statement of responsibility, etc Ed. by Sikha Mukherjee
250 ## - EDITION STATEMENT
Edition statement 1
260 ## - PUBLICATION, DISTRIBUTION, ETC. (IMPRINT)
Place of publication, distribution, etc Kolkata
Name of publisher, distributor, etc Progressive Publishers
Date of publication, distribution, etc 2023
270 ## - ADDRESS
City Kolkata
Address 37A, College Street
Postal code 700073
Electronic mail address progressivepubl@yahoo.co.in
Telephone number 9830305810
-- 9038296630
300 ## - PHYSICAL DESCRIPTION
Extent 158p.
Other physical details Index
Dimensions 22cm(pbk)
700 ## - ADDED ENTRY--PERSONAL NAME
Personal name Mukherjee, Sikha
9 (RLIN) 70194
942 ## - ADDED ENTRY ELEMENTS (KOHA)
Source of classification or shelving scheme Dewey Decimal Classification
Item type English Books
Call number suffix JOU
Classification part 291
Holdings
Withdrawn status Lost status Not for loan Collection code Home library Current library Date acquired Source of acquisition Cost, normal purchase price Full call number Barcode Copy number Cost, replacement price Koha item type
      Non-fiction Shahdara Branch Shahdara Branch 20/08/2024 DBAD 250.00 291 JOU EN-124868 1 250.00 English Books

© Delhi Public Library
Hit Counter
free hit counter